1927 1574 1747 1153 1859 1149 1650 1191 1654 1782 1516 1373 1948 1310 1282 1986 1883 1684 1933 1492 1026 1976 1371 1234 1967 1383 1070 1668 1131 1294 1791 1623 1839 1304 1144 1562 1436 1847 1705 1833 1096 1153 1973 1184 1800 1517 1758 1264 1446 1367 1364 1762 1468 1608 1689 1845 1656 1952 1820 1732 1614 1210 1389 1969 1043 1426 1266 1207 1796 1907 1255 1270 1748 1539 1357 1188 1520 1344 1875 1745 1649 1325 1359 1648 1347 1640 1304 1513 1132 1621 1324 1461 1207 1754 1117 2000 1671 1681 1859 BCNSPRNW ULIB Ver.6.0+V

เปลี่ยนเป็นภาษาไทย

Change to English
 แสดงรายละเอียดบรรณานุกรม
  กลับหน้าหลัก

Brief Record : Get Marc (ISO 2709) : E-mail record : QR code < ปิดหน้าต่าง
LEADER : 00000nam 2200000uu 4500
001    13399122156
003     ULIB
008    130107s2555||||th 000 0 tha d
020    ^a9789743653209
060 04 ^aQY4^bพ256พ
245 00 ^aพยาธิวิทยาคลินิก =^bClinical pathology /^cบรรณาธิการ,พรรธนมณฑน์ อุชชิน ... [และคนอื่นๆ]
246 31 ^aClinical pathology
250    ^aพิมพ์ครั้งที่ 4
260    ^aกรุงเทพฯ :^bภาควิชาเวชศาสตร์ชันสูตร คณะแพทยศาสตร์จุฬาลงกรณ์มหาวิทยาลัย,^c2555
300    ^a647 หน้า :^bภาพประกอบ ;^c27 ซม.
650  7 ^aพยาธิวิทยาคลินิก
650  7 ^aการวินิจฉัยโรคทางห้องปฏิบัติการ
650  7 ^aเลือด
650  7 ^aโลหิตวิทยา
700 0  ^aพรรธนมณฑน์ อุชชิน,^eบรรณาธิการ
710 2  ^aจุฬาลงกรณ์มหาวิทยาลัย. ^bคณะแพทยศาสตร์.^bภาควิชาเวชศาสตร์ชันสูตร
945    ^p550^l0^i19606
945    ^p550^l0^i19607
995    ^aกัณชพร
999    ^aใช้งานได้ทุกระบบ
รายการนี้ยังไม่มีแท็ก
คุณยังไม่ได้ล็อกอิน คุณสามารถมีกิจกรรมร่วมกับเว็บไซต์ได้ แต่ต้องล็อกอินก่อน ::
  ล็อกอิน

รายการสื่อสารสนเทศ

ลำดับที่ ประเภท เลขเรียก/บาร์โค้ด สถานที่ สถานะ
1. วิทยาศาสตร์การแพทย์ และสุขภาพ
วิทยาศาสตร์การแพทย์ และสุขภาพ
สถานะ=หนังสือเก่า
QY4 พ256พ  
  Barcode: 19606
ห้องสมุดวิทยาเขตนครสวรรค์
►ส่วนจัดเก็บหนังสือเก่า นว.
บนชั้น
  ขอยืม
2. วิทยาศาสตร์การแพทย์ และสุขภาพ
วิทยาศาสตร์การแพทย์ และสุขภาพ
สถานะ=หนังสือเก่า
QY4 พ256พ ฉ.2 
  Barcode: 19607
ห้องสมุดวิทยาเขตนครสวรรค์
►ส่วนจัดเก็บหนังสือเก่า นว.
บนชั้น
  ขอยืม

รายการใกล้เคียง
    หัวเรื่อง [พยาธิวิทยาคลินิก]
    หัวเรื่อง [การวินิจฉัยโรคทางห้องปฏิบัติการ]
    หัวเรื่อง [เลือด]
    หัวเรื่อง [โลหิตวิทยา]

BibComment


ยังไม่เคยถูกคอมเมนท์

คอมเมนท์ทรัพยากรรายการนี้
  คอมเมนท์: พยาธิวิทยาคลินิก..


 Copyright 2026. Bcnsprnw @Library